State of the World's Cities 2010/2011 : (Record no. 612421)

MARC details
000 -LEADER
fixed length control field 00468nam a2200181 a 4500
008 - FIXED-LENGTH DATA ELEMENTS--GENERAL INFORMATION
fixed length control field 260214s2010##################000#0#eng##
020 ## - INTERNATIONAL STANDARD BOOK NUMBER
ISBN 9781849711760
082 04 - DEWEY DECIMAL CLASSIFICATION NUMBER
Classification number 307.76
Item number HAB
245 10 - TITLE STATEMENT
Title State of the World's Cities 2010/2011 :
260 ## - PUBLICATION, DISTRIBUTION, ETC. (IMPRINT)
Name of publisher Un-habitat,
Year of publication 2010.
300 ## - PHYSICAL DESCRIPTION
Number of Pages 248 pages
650 #0 - SUBJECT ADDED ENTRY--TOPICAL TERM
Topical Term Cities and towns.
942 ## - ADDED ENTRY ELEMENTS (KOHA)
Koha item type English Books
Holdings
Withdrawn status Lost status Damaged status Not for loan Home library Current library Shelving location Date acquired Full call number Accession Number Price effective from Koha item type
        Anna Centenary Library Anna Centenary Library 3RD FLOOR, B WING 14.02.2026 307.76 HAB 298594 14.02.2026 English Books

Find us on the map